<?xml version="1.0" encoding="UTF-8"?>
<record
    xmlns:xsi="http://www.w3.org/2001/XMLSchema-instance"
    xsi:schemaLocation="http://www.loc.gov/MARC21/slim http://www.loc.gov/standards/marcxml/schema/MARC21slim.xsd"
    xmlns="http://www.loc.gov/MARC21/slim">

  <leader>00305nam a22001097a 4500</leader>
  <controlfield tag="008">230720b        |||||||| |||| 00| 0 eng d</controlfield>
  <datafield tag="040" ind1=" " ind2=" ">
    <subfield code="a">National Science Library</subfield>
    <subfield code="c">National Science Library</subfield>
  </datafield>
  <datafield tag="245" ind1=" " ind2=" ">
    <subfield code="a">British agriculture bulletin </subfield>
  </datafield>
  <datafield tag="260" ind1=" " ind2=" ">
    <subfield code="b">The British Council </subfield>
  </datafield>
  <datafield tag="310" ind1=" " ind2=" ">
    <subfield code="a">Bi-Monthly </subfield>
  </datafield>
  <datafield tag="942" ind1=" " ind2=" ">
    <subfield code="c">CR</subfield>
  </datafield>
  <datafield tag="999" ind1=" " ind2=" ">
    <subfield code="c">53676</subfield>
    <subfield code="d">53676</subfield>
  </datafield>
  <datafield tag="952" ind1=" " ind2=" ">
    <subfield code="0">0</subfield>
    <subfield code="1">0</subfield>
    <subfield code="3">Vol. 4, 1951-52</subfield>
    <subfield code="4">0</subfield>
    <subfield code="7">0</subfield>
    <subfield code="9">88704</subfield>
    <subfield code="a">NSL</subfield>
    <subfield code="b">NSL</subfield>
    <subfield code="c">FF/Rk-43/C-9/R-1</subfield>
    <subfield code="d">1973-10-23</subfield>
    <subfield code="l">0</subfield>
    <subfield code="p">53289</subfield>
    <subfield code="r">2023-07-20 00:00:00</subfield>
    <subfield code="w">1973-10-23</subfield>
    <subfield code="y">CR</subfield>
  </datafield>
  <datafield tag="952" ind1=" " ind2=" ">
    <subfield code="0">0</subfield>
    <subfield code="1">0</subfield>
    <subfield code="3">Vol. 4, 1951-52</subfield>
    <subfield code="4">0</subfield>
    <subfield code="7">0</subfield>
    <subfield code="9">88705</subfield>
    <subfield code="a">NSL</subfield>
    <subfield code="b">NSL</subfield>
    <subfield code="c">FF/Rk-43/C-9/R-1</subfield>
    <subfield code="d">2004-03-24</subfield>
    <subfield code="l">0</subfield>
    <subfield code="p">155531</subfield>
    <subfield code="r">2023-07-20 00:00:00</subfield>
    <subfield code="w">2004-03-24</subfield>
    <subfield code="y">CR</subfield>
  </datafield>
  <datafield tag="952" ind1=" " ind2=" ">
    <subfield code="0">0</subfield>
    <subfield code="1">0</subfield>
    <subfield code="3">Vol. 6, 1953-54</subfield>
    <subfield code="4">0</subfield>
    <subfield code="7">0</subfield>
    <subfield code="9">88706</subfield>
    <subfield code="a">NSL</subfield>
    <subfield code="b">NSL</subfield>
    <subfield code="c">FF/Rk-43/C-9/R-1</subfield>
    <subfield code="d">2004-03-24</subfield>
    <subfield code="l">0</subfield>
    <subfield code="p">155533</subfield>
    <subfield code="r">2023-07-20 00:00:00</subfield>
    <subfield code="w">2004-03-24</subfield>
    <subfield code="y">CR</subfield>
  </datafield>
  <datafield tag="952" ind1=" " ind2=" ">
    <subfield code="0">0</subfield>
    <subfield code="1">0</subfield>
    <subfield code="3">Vol. 5, 1952-53</subfield>
    <subfield code="4">0</subfield>
    <subfield code="7">0</subfield>
    <subfield code="9">88709</subfield>
    <subfield code="a">NSL</subfield>
    <subfield code="b">NSL</subfield>
    <subfield code="c">FF/Rk-43/C-9/R-1</subfield>
    <subfield code="d">2004-03-24</subfield>
    <subfield code="l">0</subfield>
    <subfield code="p">53290</subfield>
    <subfield code="r">2023-07-20 00:00:00</subfield>
    <subfield code="w">2004-03-24</subfield>
    <subfield code="y">CR</subfield>
  </datafield>
  <datafield tag="952" ind1=" " ind2=" ">
    <subfield code="0">0</subfield>
    <subfield code="1">0</subfield>
    <subfield code="3">Vol. 5, 1952-53</subfield>
    <subfield code="4">0</subfield>
    <subfield code="7">0</subfield>
    <subfield code="9">88712</subfield>
    <subfield code="a">NSL</subfield>
    <subfield code="b">NSL</subfield>
    <subfield code="c">FF/Rk-43/C-9/R-1</subfield>
    <subfield code="d">2004-03-24</subfield>
    <subfield code="l">0</subfield>
    <subfield code="p">155532</subfield>
    <subfield code="r">2023-07-20 00:00:00</subfield>
    <subfield code="w">2004-03-24</subfield>
    <subfield code="y">CR</subfield>
  </datafield>
  <datafield tag="952" ind1=" " ind2=" ">
    <subfield code="0">0</subfield>
    <subfield code="1">0</subfield>
    <subfield code="3">Vol. 7-8, 1955</subfield>
    <subfield code="4">0</subfield>
    <subfield code="7">0</subfield>
    <subfield code="9">88721</subfield>
    <subfield code="a">NSL</subfield>
    <subfield code="b">NSL</subfield>
    <subfield code="c">FF/Rk-43/C-9/R-1</subfield>
    <subfield code="d">2004-03-24</subfield>
    <subfield code="l">0</subfield>
    <subfield code="p">155534</subfield>
    <subfield code="r">2023-07-20 00:00:00</subfield>
    <subfield code="w">2004-03-24</subfield>
    <subfield code="y">CR</subfield>
  </datafield>
  <datafield tag="952" ind1=" " ind2=" ">
    <subfield code="0">0</subfield>
    <subfield code="1">0</subfield>
    <subfield code="3">Vol. 7, 1954-55</subfield>
    <subfield code="4">0</subfield>
    <subfield code="7">0</subfield>
    <subfield code="9">88727</subfield>
    <subfield code="a">NSL</subfield>
    <subfield code="b">NSL</subfield>
    <subfield code="c">FF/Rk-43/C-9/R-1</subfield>
    <subfield code="d">2004-03-24</subfield>
    <subfield code="l">0</subfield>
    <subfield code="p">53291</subfield>
    <subfield code="r">2023-07-20 00:00:00</subfield>
    <subfield code="w">2004-03-24</subfield>
    <subfield code="y">CR</subfield>
  </datafield>
</record>
